000 00642nam a22002297a 4500
003 UA-OsUOA
001 98742
007 ta
008 20130417b un ||||| |||| 00| 0 ukr d
100 _aСалтыков-Щедрин М.
090 _a821.161.1
_bС16
942 _cBK
040 _aUA-OsUOA
_brus
_cUA-OsUOA
_dUA-OsUOA
245 _aСобрание сочинений в двадцати томах
_b5
300 _a710 с.
955 _a3
041 _arus
080 _a821.161.1
260 _aМ.
_bХудож. лит.
_c1966
650 7 _a82 Література. Літературознавство
_2UDC
999 _c384630
_d384630